[Event "Porto Sant Elpidio op 21st"]
[Site "Porto Sant Elpidio"]
[Date "2018.11.23"]
[Round "1.5"]
[White "Rinaudo, Andrea"]
[Black "Marzetti, Alessandro"]
[Result "1-0"]
[WhiteElo "2017"]
[BlackElo "1422"]
[PlyCount "49"]
[EventDate "2018.11.23"]
[EventType "swiss"]
[EventRounds "5"]
[EventCountry "ITA"]
[SourceTitle "EXT 2024"]
[Source "ChessBase"]
[SourceDate "2023.10.10"]
[SourceVersion "1"]
[SourceVersionDate "2023.10.10"]
[SourceQuality "1"]

1. e4 c5 2. Nf3 g6 3. c3 Bg7 4. d4 cxd4 5. cxd4 Nf6 6. Nc3 d6 7. h3 0-0 8. Bd3 Nc6 9. 0-0 Qb6 10. Na4 Qd8 11. Be3 d5 12. e5 Ne4 13. Bxe4 dxe4 14. Ng5 f6 15. Qb3+ e6 16. Nxe6 Bxe6 17. Qxe6+ Kh8 18. exf6 Bxf6 19. Qxe4 Qa5 20. d5 Rae8 21. Qc4 b5 22. Qxc6 Qxa4 23. b3 Qe4 24. Rae1 Qb4 25. Bd2 1-0

[Event "Ancona Ascoli Province-ch"]
[Site "Porto Sant Elpidio"]
[Date "2016.01.31"]
[Round "4"]
[White "Agostinelli, Michele"]
[Black "Marzetti, Alessandro"]
[Result "1-0"]
[WhiteElo "1558"]
[BlackElo "1276"]
[PlyCount "135"]
[EventDate "2016.01.29"]
[EventType "swiss"]
[EventRounds "5"]
[EventCountry "ITA"]
[SourceTitle "EXT 2018"]
[Source "ChessBase"]
[SourceDate "2017.10.13"]
[SourceVersion "1"]
[SourceVersionDate "2017.10.13"]
[SourceQuality "1"]

1. e4 d6 2. d4 Nf6 3. Nc3 g6 4. Bd3 Bg7 5. Nge2 0-0 6. 0-0 c6 7. h3 b5 8. Ng3 a5 9. Be3 b4 10. Nce2 Ba6 11. c4 bxc3 12. bxc3 Bxd3 13. Qxd3 Nbd7 14. f4 Qc7 15. f5 Rab8 16. Bg5 h6 17. Be3 g5 18. Qd2 Rb7 19. h4 Ng4 20. Bxg5 Ndf6 21. Bf4 Rfb8 22. Qc1 Qb6 23. Kh1 Qb2 24. Qd1 Kh7 25. e5 dxe5 26. Bxe5 Nxe5 27. dxe5 Rd7 28. Qe1 Ng4 29. e6 Rd2 30. exf7 Ne3 31. Qf2 Nxf1 32. Rxf1 Bf6 33. Qa7 Kg7 34. Nh5+ Kxf7 35. Nxf6 Kxf6 36. Qc5 Qb5 37. Qxb5 Rxb5 38. Nd4 Rxd4 39. cxd4 Rxf5 40. Rc1 Rf4 41. Rxc6+ Kg7 42. Ra6 Rxh4+ 43. Kg1 Rxd4 44. Rxa5 Rd2 45. a4 Ra2 46. Kh2 Kf7 47. Kh3 Ke6 48. g3 Kd6 49. Kh4 e5 50. Kg4 Rf2 51. Ra6+ Kd5 52. Rxh6 e4 53. a5 e3 54. Rh5+ Kd4 55. Rh8 e2 56. Re8 Kc4 57. a6 Rf7 58. Rxe2 Kb5 59. Ra2 Ra7 60. Kf5 Kc6 61. Kf6 Kd6 62. g4 Kd7 63. g5 Ke8 64. g6 Kf8 65. g7+ Rxg7 66. a7 Rf7+ 67. Ke6 Re7+ 68. Kd6 1-0

[Event "Ancona Ascoli Province-ch"]
[Site "Porto Sant Elpidio"]
[Date "2016.01.31"]
[Round "5"]
[White "Marzetti, Alessandro"]
[Black "Tibulca, Victor George"]
[Result "1/2-1/2"]
[WhiteElo "1276"]
[BlackElo "1452"]
[PlyCount "73"]
[EventDate "2016.01.29"]
[EventType "swiss"]
[EventRounds "5"]
[EventCountry "ITA"]
[SourceTitle "EXT 2018"]
[Source "ChessBase"]
[SourceDate "2017.10.13"]
[SourceVersion "1"]
[SourceVersionDate "2017.10.13"]
[SourceQuality "1"]

1. d4 Nf6 2. c4 d5 3. Nc3 c6 4. cxd5 Nxd5 5. e4 Nxc3 6. bxc3 e6 7. Bc4 Nd7 8. Ne2 Nf6 9. Qc2 c5 10. Bg5 Be7 11. Rb1 b6 12. 0-0 Bb7 13. f3 0-0 14. Rfd1 Qc7 15. Bf4 Qc6 16. Bb5 Qc8 17. Qb2 Rd8 18. a4 Nh5 19. Be3 Bd6 20. e5 Bc7 21. Bd3 f6 22. Nf4 Nxf4 23. Bxf4 f5 24. dxc5 Ba6 25. Bb5 Bxb5 26. Qxb5 Rxd1+ 27. Rxd1 Qe8 28. Qxe8+ Rxe8 29. c6 a6 30. Kf1 b5 31. axb5 axb5 32. Ke2 Ra8 33. Rd2 Ra6 34. Rb2 Rxc6 35. Rxb5 Rxc3 36. Rb2 h6 37. Bg3 1/2-1/2